000
00284nam a2200109Ia 4500
008
200302s9999 xx 000 0 und d
100
_a
Margaret Birney Vikcery
245
_a
Smith College : The Campus Guide
260
_b
Princeton Architectural Press
260
_c
2007
300
_a
162 P
999
_c
4849
_d
4849